|
|
|
|
| LEADER |
00000nam a2200000 a 4500 |
| 001 |
UCT4388 |
| 003 |
CL-VaPUC |
| 008 |
961112e19670000SP |||||||||||||||||spa|d |
| 082 |
0 |
4 |
|a 581
|b BEN
|2 21
|
| 100 |
0 |
|
|a Ben Hill, J
|e author
|9 373668
|
| 700 |
0 |
|
|a Overholts, Lee O
|e author
|9 373669
|
| 700 |
0 |
|
|a Popp, Henry W
|e author
|9 373670
|
| 700 |
0 |
|
|a Grove, Alvin R
|e author
|9 373671
|
| 245 |
1 |
0 |
|a Tratado de botánica
|
| 250 |
|
|
|a 2a. ed
|
| 300 |
|
|
|a 747 p
|
| 942 |
|
|
|c BK
|
| 945 |
|
|
|d 19961112 00:00:00
|a lriquelm
|
| 260 |
|
|
|a Barcelona
|b Omega
|c 1967
|
| 650 |
|
0 |
|a Taxonomia
|9 341054
|
| 650 |
|
0 |
|a Flores
|9 310803
|
| 650 |
|
0 |
|a Vegetales
|9 264557
|
| 650 |
|
7 |
|a HOJAS
|2 CL-VaPUC
|9 358469
|
| 650 |
|
0 |
|a Botánica
|9 264202
|
| 583 |
|
|
|a last modification
|c 19961112 00:00:00
|k Rodrigo Vera
|
| 999 |
|
|
|c 253762
|d 253760
|